Biggest Asian "R" Cities by Picture - Statistics

General Stats
  • This quiz has been taken 79 times
  • The average score is 3 of 16
Answer Stats
Picture Hint Answer % Correct
🇸🇦 6,920,000 Riyadh
99%
🇵🇰 2,100,000 Rāwalpinḍī
57%
🇮🇳 1,390,000 Rājkoṭ
30%
🇮🇳 1,120,000 Raipur
29%
🇮🇳 1,120,000 Rānchī
27%
🇧🇩 450,000 Rajshahi
13%
🇮🇷 680,000 Rasht
11%
🇨🇳 1,150,000 Rìzhào
11%
🇨🇳 1,010,000 Ruìān
10%
🇮🇳 550,000 Rourkela
6%
🇨🇳 760,000 Rúgāo
4%
🇨🇳 450,000 Róngchéng
3%
🇯🇴 470,000 Russeifa
3%
🇮🇳 480,000 Rājahmundry
1%
🇨🇳 460,000 Rènqiū
1%
🇨🇳 470,000 Rǔzhōu
1%
No matching quizzes found
Score Distribution
Percent of People with Each Score
Percentile by Number Answered
Your Score History
You have not taken this quiz